1737 1708 1990 1983 1494 1961 1928 1641 1069 1735 1252 1387 1407 1515 1800 1908 1361 1819 1087 1990 1732 1967 1839 1941 1626 1245 1732 1348 1591 1944 1137 1927 1467 1850 1547 1135 1790 1939 1711 1536 1554 1216 1415 1426 1426 1396 1220 1062 1069 1242 1751 1896 1480 1169 1714 1527 1488 1554 1306 1909 1349 1295 1628 1256 1269 1314 1876 1562 1043 1546 1437 1024 1815 1827 1559 1853 1039 1477 1506 1365 1231 1796 1889 1463 1088 1690 1081 1449 1293 1017 1010 1760 1017 1719 1970 1298 1764 1308 1451 BCNSPRNW ULIB Ver.6.0+V

เปลี่ยนเป็นภาษาไทย

Change to English
 แสดงรายละเอียดบรรณานุกรม
  กลับหน้าหลัก

Brief Record : Get Marc (ISO 2709) : E-mail record : QR code < ปิดหน้าต่าง
LEADER : 00000nam 2200000uu 4500
001    13399111518
003     ULIB
008    110629s||||||||th 000 0 tha d
020    9789740548041
050  4 BQ4570^bว111ธ 2551
100 0  ว.วชิรเมธี
245 10 ธรรมะคลายใจ /^cว.วชิรเมธี
250    พิมพ์ครั้งที่ 3
260    กรุงเทพฯ :^bอมรินทร์ธรรมะ,^c2551
300    282 หน้า :^bภาพประกอบ ;^c16 ซม.
650  7 ธรรมะ
650  7 ธรรมะกับชีวิตประจำวัน
945    ^p195^l0^i024857
945    ^p195^l0^i024856
995    ทศพร
999 ^a ใช้งานได้ทุกระบบ
รายการนี้ยังไม่มีแท็ก
คุณยังไม่ได้ล็อกอิน คุณสามารถมีกิจกรรมร่วมกับเว็บไซต์ได้ แต่ต้องล็อกอินก่อน ::
  ล็อกอิน

รายการสื่อสารสนเทศ

ลำดับที่ ประเภท เลขเรียก/บาร์โค้ด สถานที่ สถานะ
- ไม่พบข้อมูล -

รายการใกล้เคียง
    ผู้แต่ง [ว.วชิรเมธี]

    หัวเรื่อง [ธรรมะ]
    หัวเรื่อง [ธรรมะกับชีวิตประจำวัน]

BibComment


ยังไม่เคยถูกคอมเมนท์

คอมเมนท์ทรัพยากรรายการนี้
  คอมเมนท์: ธรรมะคลายใจ ววชิ..


 Copyright 2026. Bcnsprnw @Library